00504nam a2200181 a 4500001001300000003000900013005001700022008004100039020002400080082001300104100002600117245003500143260004900178300000900227500003500236505002400271650002700295nice12345678IN_TiNIC20260116013116.0050524s1998 pria grp 000 0 eng  a0691485 c122500a190bLON aLonguenesse, Beatrice aKant and the Capacity to Judge aPrincetonbPrinceton University Press c1998 a420p aincludes index and biblioraphy2 aBibliography, Index aPhilosophy-Modern-Kant